Petőfi Sándor Élete Versekben

Bibliographic Details
Main Author: Mátray, Lajos, 1859-1937 (Author)
Other Authors: Winter, Žigmund, 1827-1886 (Printer, Author of introduction, etc.)
Format: Book
Language:Hungarian
PhysicalDescription:24 strán 15 cm
Published: Nagyszombat Kiadja Winter Zsigmond 1885
Subjects:

MARC

LEADER 00000nam a2200000 4500
001 vtls012259947
003 SK-MaSNL
005 20260301105848.0
008 251112s1885 xo a f 000 1bhun
015 |a SNBHFA 
040 |a SNKHF  |b slo  |c SNKHF  |e rda 
041 0 |a hun 
044 |a xo  |c SK 
072 7 |a 821.511.1  |x Ugrofínske literatúry  |2 konspekt 
072 7 |a 821.511.1.09  |x Ugrofínske literatúry (o nich)  |2 konspekt 
072 7 |a 929  |x Biografie  |2 konspekt 
080 |a 821.511.141  |2 2011 
080 |a 929(092)  |2 2011 
100 1 |a Mátray, Lajos,  |d 1859-1937  |4 aut  |9 446886 
245 1 0 |a Petőfi Sándor Élete Versekben  |c Irta Mátray Lajos 
264 1 |a Nagyszombat  |b Kiadja Winter Zsigmond  |c 1885 
300 |a 24 strán  |c 15 cm 
336 |a text  |b txt  |2 rdacontent 
337 |a bez média  |b n  |2 rdamedia 
338 |a zväzok  |b nc  |2 rdacarrier 
500 |a Obálková titulná strana v ozdobnom rámčeku, ozdobná linka, typografické ozdoby 
508 |a Predslov vydavateľa 
510 4 |a Bibliografia územne slovacikálnych tlačí 19. storočia  |c 8449 
546 |a Maďarský text  |b Antikva 
561 |a Proveniencia: vlepený Exlibris: Matica Slovenská.  |5 SNK SE 3918 
563 |a Väzba: previazaná, celoplátená.  |5 SNK SE 3918 
650 0 7 |a maďarská literatúra  |2 SNKPH  |9 1193 
655 7 |a biografie  |2 SNKPH  |9 27965 
700 1 |a Winter, Žigmund,  |d 1827-1886  |4 prt  |4 aui  |9 49483 
710 2 |a Matica slovenská  |4 fmo  |9 14662 
752 |a Slovensko  |d Trnava 
852 |a snk  |p SE 3918 
958 |a ONDV 
958 |a DF 
999 |c 701849  |d 703779 
952 |a SNK  |b SNK  |y PREZ  |7 0  |p 17A0744472  |o snkSE 3918  |i snkK 2217/65  |8 3  |0 0  |1 0  |4 0  |d 2024-07-09  |f 1  |l 0  |r 2026-02-23 21:01:55  |w 2026-02-23